Семантичні особливості ситуацій гостросюжетного напруження в сучасній англомовній літературі (на матеріалі трилерів Стівена Кінга) (Запис № 282597)

МАРК-запис
000 -LEADER
fixed length control field 01509nam a22001577a 4500
041 ## - LANGUAGE CODE
Language code of text/sound track or separate title ukr
080 ## - UNIVERSAL DECIMAL CLASSIFICATION NUMBER
Universal Decimal Classification number 09
090 ## - LOCALLY ASSIGNED LC-TYPE CALL NUMBER (OCLC); LOCAL CALL NUMBER (OCLC)
Local cutter number (OCLC) ; Book number/undivided call number, CALL (RLIN) ПАН
100 ## - MAIN ENTRY--PERSONAL NAME
Personal name Панасюк Д. В.
245 ## - TITLE STATEMENT
Title Семантичні особливості ситуацій гостросюжетного напруження в сучасній англомовній літературі (на матеріалі трилерів Стівена Кінга)
260 ## - PUBLICATION, DISTRIBUTION, ETC. (IMPRINT)
Place of publication, distribution, etc Острог
Name of publisher, distributor, etc КАФ
Date of publication, distribution, etc 2004
300 ## - PHYSICAL DESCRIPTION
Extent 49
520 ## - SUMMARY, ETC.
Summary, etc Розділ 1. Характеристика стилю та використання художніх засобів у творах Стівена Кінга.<br/>1.1. Функціональні особливості художнього стилю.<br/>1.2. Прагматичні аспекти використання лексико-стилістичних засобів у художній літературі (на матеріалі трилерів Стівена Кінга).<br/>Розділ 2. Сюжетні особливості напружених ситуацій.<br/>2.1. Поняття сюжету.<br/>2.2. Сюжетне напруження.<br/>2.3. Мовні засоби вираження сюжетного напруження.<br/>2.4. Емоційність мови як основна ознака сюжетного напруження.<br/>2.5. Емоційні переживання (афекти).
-- Стиль, сюжет, напруження.
650 ## - SUBJECT ADDED ENTRY--TOPICAL TERM
Topical term or geographic name as entry element Research Papers
942 ## - ADDED ENTRY ELEMENTS (KOHA)
Koha item type Книги
Фонди
Withdrawn status Lost status Source of classification or shelving scheme Damaged status Not for loan Home library Current library Date acquired Source of acquisition Coded location qualifier Cost, normal purchase price Total Checkouts Full call number Barcode Date last seen Price effective from Koha item type
    Universal Decimal Classification     ВІЛ - Відділ іноземн. літератури НБ ВІЛ - Відділ іноземн. літератури НБ 08/08/2005 Акт В12 1.00   09 210159 20/12/2021 16/12/2004 Книги